000 00810nam a22002775i 4500
001 12316
003 ES-MaACL
005 20230906150304.0
007 t|
008 920227s1991 sp ||||0| spa j
020 _a84-7492-537-1
040 _aM-BN
_bspa
_cM-BN
080 _a946.011"00/04"
100 1 _aStork Gadea, Magdalena.
_9108331
245 1 3 _aLa antigua Galicia
_b: seis cuadros históricos /
_cMagdalena Stork Gadea.
250 _a2ª ed.
260 _aSada, A Coruña :
_bEdiciós do Castro,
_cD.L. 1991.
300 _a162 p ;
_c24 cm.
490 1 _aHistoria
500 _aTexto en español e inglés.
651 4 _aGalicia-
_xHistoria-
_yHasta S.V.
_98732
830 0 _aHistoria
_9177536
852 _aES-MaACL
_jL-19561
_bR.122732
999 _c12316
_d12316